Statistics for Top 100 Summer Transfers 2019-2020

Click here to take the quiz!

General Stats

  • This quiz has been taken 106 times
  • The average score is 49 of 100

Answer Stats

#FromToFeePlayer% Correct
1ChelseaReal Madrid100MEden Hazard
100%
33GladbachDortmund25,5MThorgan Hazard
100%
2Atletico MadridBarcelona120MAntoine Griezmann
99%
5AjaxJuventus85MMatthijs de Ligt
96%
4Leicester CityMan United87MHarry Maguire
94%
3BenficaAtletico Madrid126MJoao Felix
94%
10Man UnitedInter65MRomelu Lukaku
94%
6AjaxBarcelona75MFrenkie de Jong
93%
9LilleArsenal80MNicolas Pepe
91%
13FrankfurtReal Madrid60MLuka Jovic
90%
8Atletico MadridMan City70MRodri
90%
11LyonSpurs60MTanguy Ndombele
89%
7Atletico MadridBayern80MLucas Hernandez
87%
14LyonReal Betis19,7MNabil Fekir
86%
15Crystal PalaceMan United55MAaron Wan-Bissaka
84%
12JuventusMan City65MJoao Cancelo
84%
25ArsenalJuventusFREEAaron Ramsey
83%
22Real MadridChelsea45MMateo Kovacic
83%
18Real BetisSpursLOAN+16MGiovani Lo Celso
79%
20SantosReal Madrid45MRodrygo
79%
19LyonReal Madrid48MFerland Mendy
77%
28FrankfurtWest Ham40MSebastien Haller
77%
16FC PortoReal Madrid50MEder Militao
76%
17Bayer 04Dortmund25MJulian Brandt
76%
24HoffenheimNewcastle United44MJoelinton
74%
23MonacoLeicester City45MYouri Tielemans
71%
29BarcelonaZenit40MMalcom
70%
30JuventusEverton27,5MMoise Kean
69%
35Man CityJuventus37MDanilo
67%
38BayernDortmund30,5MMats Hummels
66%
75Man UnitedPSGFREEAnder Herrera
64%
92FC PortoAtletico MadridFREEHector Herrera
64%
43SpursAtletico Madrid22MKieran Trippier
64%
37StuttgartBayern35MBenjamin Pavard
63%
40PSGJuventusFREEAdrien Rabiot
61%
100ChelseaArsenal8,7MDavid Luiz
61%
21RomaNapoli36MKostas Manolas
61%
26SevillaPSG18MPablo Sarabia
61%
54Real MadridArsenalLOANDani Ceballos
59%
31SevillaMonaco40MWissam Ben Yedder
57%
50Real MadridAtletico Madrid30MMarcos Llorente
56%
32BenficaWolves38MRaul Jimenez
56%
44FulhamSpurs27MRyan Sessegnon
56%
48ArsenalEverton30,4MAlex Iwobi
54%
56EvertonPSG30MIdrissa Gueye
54%
45Newcastle UnitedLeicester City33,4MAyoze Perez
50%
94Atletico MadridInterFREEDiego Godin
50%
66CelticArsenal27MKieran Tierney
50%
41West HamSIPG25MMarko Arnautovic
50%
67ValenciaBarcelona26MNeto
49%
34BarcelonaDortmund21MPaco Alcacer
49%
58InterBayernLOAN+5MIvan Perisic
47%
57Stade RennesWatford30MIsmaila Sarr
44%
39BarcelonaValencia35MJasper Cillessen
44%
61BarcelonaEverton25MAndre Gomes
43%
93PSGJuventusFREEGianluigu Buffon
43%
55Saint EtienneArsenal30MWilliam Saliba
43%
42DortmundPSG32MAbdou Diallo
39%
36CagliariInterLOAN+12MNicolo Barella
39%
99GenkBrighton20MLeandro Trossard
36%
82NiceNewcastle United18MAllan Saint-Maximin
34%
83Real BetisBarcelona18MJunior Firpo
33%
95BrentfordBrighton21,9MNeal Maupay
33%
64InterCagliariLOANRadja Nainggolan
33%
69HoffenheimDortmund25,5MNico Schulz
31%
89LiverpoolSouthampton25MDanny Ings
30%
62MilanWolves18MPatrick Cutrone
30%
98FC PortoAtletico Madrid20MFelipe
29%
60VillarrealWest Ham28MPablo Fornals
29%
53ValenciaCelta VigoFREESanti Mina
29%
72Club BruggeAston Villa25MWesley
29%
86SampdoriaLeicester City23,5MDennis Praet
27%
63MainzEverton25MJean-Philippe Gbamin
27%
78FulhamGalatasarayLOAN+1,5MJean Michael Seri
26%
47HoffenheimBayer 0432MKerem Demirbay
26%
27Celta VigoValencia14,5MMaxi Gomez
24%
51Atletico MadridMonaco30MGelson Martins
23%
49SassuoloInter20MMatteo Politano
23%
59JuventusRoma29,5MLeonardo Spinazzola
21%
52RomaSH Shenhua16MStephan El Shaarawy
21%
87Real BetisRoma22,3MPau Lopez
20%
90RomaJuventus22MLuca Pellegrini
19%
88BournemouthAston Villa22,2MTyrone Mings
19%
85AngersLyon21MJeff Reine-Adelaide
17%
81LilleMilan25MRafael Leao
17%
46AtalantaMilan24MFranck Kessie
16%
77SampdoriaLyon24MJoachim Andersen
16%
84MonacoSevilla25MRony Lopes
16%
73LilleLyon22MThiago Mendes
14%
96Bristol CityBrighton21,8MAdam Webster
13%
74BordeauxSevilla25MJules Kounde
13%
79EspanyolAtletico Madrid25MMario Hermoso
13%
70UdineseNapoli22MAlex Meret
10%
97NapoliRoma21MAmadou Diawara
10%
65EspanyolReal Betis28MBorja Iglesias
10%
68GenoaJuventus26MChristian Romero
7%
76PortimonenseFC Porto12MShoya Nakajima
6%
80FulhamVillarrealLOANAndre Zambo Anguissa
4%
71AtalantaRoma21MBryan Cristante
4%
91FiorentinaInter22MValentino Lazaro
0%

Score Distribution

Percentile by Number Answered

Percent of People with Each Score

Your Score History

You have not taken this quiz